000
00207 a2200097 4500
001
53088
100
_a
Smirnov B M
245
_a
Negative Lons
260
_a
New York
_b
McGraw-Hill
_c
090
_c
33375
_d
33375
942
_a
NUST-CAE
_c
M
_c
25975
999
_c
288161
_d
288161